Noms latins des villes françaises - Statistiques

Statistiques générales
  • Ce quiz a été pris 39 fois
  • Le résultat moyen est 21 sur 40
Statistiques - réponses
Noms latins Noms français % Correct
Lugdunum Lyon
100%
Massilia Marseille
100%
Lutetia Paris
100%
Burdigala Bordeaux
94%
Nicaea Nice
94%
Tolosa Toulouse
91%
Argentoratum Strasbourg
83%
Valentia Valence
83%
Portus Namnetum Nantes
77%
Condate Riedonum Rennes
77%
Vienna Vienne
77%
Divio Dijon
74%
Nemausus Nîmes
74%
Durocortorum Reims
69%
Rotomagus Rouen
69%
Augustonemetum Clermont-Ferrand
63%
Augustoritum Limoges
63%
Narbo Martius Narbonne
63%
Aurelianum Orléans
63%
Cadomum Caen
57%
Iuliomagus Angers
51%
Avenio Avignon
51%
Divodurum Metz
51%
Samarobriva Amiens
46%
Vesontio Besançon
46%
Limonum Poitiers
46%
Arelate Arles
43%
Vindunum Le Mans
43%
Caesarodunum Tours
40%
Aquae Sextiae Aix-en-Provence
31%
Avaricum Bourges
29%
Arausio Orange
23%
Nemetacum Arras
17%
Vappincum Gap
14%
Augusta Viromanduorum Saint-Quentin
11%
Mediolanum Santonum Saintes
9%
Gesoriacum Boulogne-sur-Mer
6%
Augusta Suessionum Soissons
6%
Augustodunum Autun
3%
Forum Iulii Fréjus
3%
Aucun quiz correspondant
Distribution des résultats
% des personnes avec chaque résultat
Percentile par nombre de réponses
Votre historique - résultats
Vous n’avez pas pris ce quiz